| 000 | 00672cam a2200217 a 4500 | ||
|---|---|---|---|
| 001 | 2944866 | ||
| 005 | 20180110080245.0 | ||
| 008 | 900827s1990 nyua f 001 0 eng | ||
| 010 | _a 90047637 | ||
| 020 | _a0876284039 | ||
| 040 |
_aDLC _cDLC _dDLC |
||
| 041 | _aeng | ||
| 080 | _a372.6044 JUL | ||
| 082 | 0 | 0 |
_a372.6044 JUL _220 |
| 100 | 1 | _a46 | |
| 101 | _aEDU | ||
| 245 | 1 | 0 |
_aHooked on language arts! : _cJudie L.H. Strouf. |
| 906 |
_a7 _bcbc _corignew _d1 _eocip _f19 _gy-gencatlg |
||
| 942 |
_2ddc _cBK |
||
| 999 |
_c40020 _d40020 |
||